Statistics for Chinese Provinces, Municipalities, Autonomous Regions and Special Administrative Regions in 90 Seconds

Click here to take the quiz!

General Stats

  • This quiz has been taken 120 times
    (115 since last reset)
  • The average score is 18 of 34

Answer Stats

CapitalAnswer% Correct
BeijingBeijing Municipality
89%
LhasaTibet Autonomous Region
83%
Hong KongHong Kong Special Administrative Region
78%
MacauMacau Special Administrative Region
75%
ShanghaiShanghai Municipality
72%
TianjinTianjin Municipality
72%
GuangzhouGuangdong Province
70%
HohhotInner Mongolia Autonomous Region
69%
WuhanHubei Province
67%
ShijiazhuangHebei Province
64%
ÜrümqiXinjiang Uyghur Autonomous Region
64%
ZhengzhouHenan Province
61%
ChangshaHunan Province
61%
HaikouHainan Province
52%
ChengduSichuan Province
52%
TaipeiTaiwan Province
52%
KunmingYunnan Province
52%
HefeiAnhui Province
50%
HarbinHeilongjiang Province
48%
JinanShandong Province
48%
ChongqingChongqing Municipality
47%
Xi'anShaanxi Province
45%
TaiyuanShanxi Province
45%
FuzhouFujian Province
44%
ChangchunJilin Province
44%
LanzhouGansu Province
41%
ShenyangLiaoning Province
39%
NanjingJiangsu Province
38%
YinchuanNingxia Hui Autonomous Region
38%
HangzhouZhejiang Province
38%
NanningGuangxi Zhuang Autonomous Region
34%
XiningQinghai Province
34%
GuiyangGuizhou Province
31%
NanchangJiangxi Province
27%

Score Distribution

Percentile by Number Answered

Percent of People with Each Score

Your Score History

You have not taken this quiz since the last reset